The pocket book of refrigeration and icemaking (Record no. 2304)

000 -LEADER
fixed length control field 00426nam a22001577a 4500
008 - FIXED-LENGTH DATA ELEMENTS--GENERAL INFORMATION
fixed length control field 200220b ||||| |||| 00| 0 eng d
082 00 - DEWEY DECIMAL CLASSIFICATION NUMBER
Classification number 621.56
Item number W2147
100 ## - MAIN ENTRY--PERSONAL NAME
9 (RLIN) 1884
Personal name Wallis Tayler, A.J.
245 10 - TITLE STATEMENT
Title The pocket book of refrigeration and icemaking
250 ## - EDITION STATEMENT
Edition statement 9th
260 ## - PUBLICATION, DISTRIBUTION, ETC. (IMPRINT)
Place of publication, distribution, etc London
Name of publisher, distributor, etc Technical press
Date of publication, distribution, etc 1950
300 ## - PHYSICAL DESCRIPTION
Extent ix,242p.
365 ## - TRADE PRICE
Unit of pricing 8.09
650 #0 - SUBJECT ADDED ENTRY--TOPICAL TERM
Topical term or geographic name as entry element Ice Manufacture
942 ## - ADDED ENTRY ELEMENTS (KOHA)
Item type Books
Holdings
Withdrawn status Lost status Source of classification or shelving scheme Damaged status Not for loan Permanent location Current location Date acquired Source of acquisition Full call number Barcode Date last seen Koha item type
          IMU Kolkata IMU Kolkata 1954-01-29 Asian publishing house 621.56 W2147 01884 2020-02-20 Books
          IMU Kolkata IMU Kolkata 1954-01-29 Asian publishing house 621.56 W2147 01885 2020-02-20 Books
Designed and Maintained by IMU-KC Library, Kolkata Campus © Copyright All Rights Reserved

webs counters

Powered by Koha